Rubber sector in the liberalised era: Developments in the NR market in retrospect (Record no. 67982)

MARC details
000 -LEADER
fixed length control field 00377nam a2200133Ia 4500
100 ## - MAIN ENTRY--AUTHOR NAME
Personal name Krishna Kumar A K
245 #0 - TITLE STATEMENT
Title Rubber sector in the liberalised era: Developments in the NR market in retrospect
260 ## - PUBLICATION, DISTRIBUTION, ETC. (IMPRINT)
Name of publisher Indian Rubber Journal
Year of publication 2003
300 ## - PHYSICAL DESCRIPTION
Number of Pages 64-69
650 ## - SUBJECT ADDED ENTRY--TOPICAL TERM
Topical Term NR market
700 ## - ADDED ENTRY--PERSONAL NAME
Personal name Jacob Jom
942 ## - ADDED ENTRY ELEMENTS (KOHA)
Koha item type Journals
Holdings
Withdrawn status Lost status Damaged status Not for loan Home library Current library Shelving location Date acquired Serial Enumeration / chronology Koha item type
      Journals RRII Library RRII Library Rubber general 17/12/2021 Volume 72, Issue June Journals